Deriváty v účtovníctve podnikateľských subjektov
Vymedzenie pojmu derivát. Členenie derivátov. Forwardy a ich účtovanie. Opcie a ich účtovanie. Ilustračné príklady.
Salvato in:
| Autore principale: | |
|---|---|
| Altri autori: | , |
| Natura: | Capitolo di libro |
| Lingua: | slovacco |
| Soggetti: | |
| Tags: |
Nessun Tag, puoi essere il primo ad aggiungerne!!
|
MARC
| LEADER | 00000naa a2200000 4500 | ||
|---|---|---|---|
| 001 | 0224001 | ||
| 005 | 20240502073651.3 | ||
| 041 | 0 | |a slo | |
| 044 | |a SK | ||
| 245 | 1 | 0 | |a Deriváty v účtovníctve podnikateľských subjektov |c Zuzana Kubaščíková, Renáta Pakšiová, Zuzana Juhászová |
| 520 | |a Vymedzenie pojmu derivát. Členenie derivátov. Forwardy a ich účtovanie. Opcie a ich účtovanie. Ilustračné príklady. | ||
| 610 | 2 | 0 | |a deriváty |
| 610 | 2 | 0 | |a forwardy |
| 610 | 2 | 0 | |a opcie |
| 610 | 2 | 0 | |a podnikatelia |
| 610 | 2 | 0 | |a jednotka účtovná |
| 610 | 2 | 0 | |a účtovanie |
| 100 | 1 | |a Kubaščíková, Zuzana, 1982- | |
| 700 | 1 | |a Pakšiová, Renáta, 1974- | |
| 700 | 1 | |a Juhászová, Zuzana, 1970- | |